000 01039nam a2200229Ii 4500
003 JO-AjNU
008 230605s9999||||xx |||||||||||||| ||und||
017 _a2018/7/3616
020 _a978- 9923- 15- 012- 2
040 _aJO-AjNU
_bara
_erda
_cJO-AjNU
041 _aara
050 1 4 _aKMM388.3 2020
100 3 _aالحداد، محمد بكر ,
_eauthor
_959246
245 0 0 _aالحماية الجنائية للأحداث أُثناء التحقيق والمحاكمة : دراسة مقارنة
250 _aط1
264 3 1 _aعمان: الدار العلمية الدولية للنشر والتوزيع؛ دار الثقافة للنشر والتوزيع، 2020
300 _a215ص
_bيحتوي على مصادر ومراجع من ص199- 215 يحتوي على مجموعة من الرسائل الجامعية
336 _atext
_btxt
_2rdacontent
337 _aunmediated
_bn
_2rdamedia
338 _avolume
_bnc
_2rdacarrier
650 4 _aالأحداث- المحاكم الجنائية- القانون التجاري
_959247
999 _aA26651
_c30219
_d30219